Hunger Games Characters in Other Words Quiz Stats

 Plays Quiz Updated Feb 7, 2020

Support Sporcle.
Go Orange.
Score 0/20 Timer 04:00
0 Plays Today
Clue Character % Correct
Flip this for heads or tails(President) Coin
81%
'Tomorrow' and 'It's the Hard Knock Life' are songs in this playAnnie
79.5%
Strong windGale
75.3%
Precipitation in freezing temperatures(President) Snow
72.2%
Stimulant for felinesCatnip (Katniss)
70.9%
Spider-Man and X-Men comic book publisherMarvel
68%
Garlic unitClove
65.8%
Caesar's assassinBrutus
60.7%
Popular side salad with parmesan and lemonCaesar (Flickerman)
53.1%
RegretRue
48.1%
Clue Character % Correct
Iraq river that is commonly coupled with the EuphratesTigris
43.4%
The Princess of 'The Princess Bride'Buttercup
43.2%
de Rossi of 'Arrested Development'Portia
40%
Spencer who won Best Supporting Actress for 'The Help'Octavia
31.9%
Either of the Gemini twinsCastor & Pollux
27.4%
Separate grain from strawThresh
26%
Shakespeare's 'Troilus and ______'Cressida
24.5%
Red Sox third baseman hall-of-famer WadeBoggs
24.3%
Disease that ravaged Irish potato crops in the 1840sBlight
20.9%
Be led down the _____ pathPrimrose
12.6%

You're not logged in!

Compare scores with friends on all Sporcle quizzes.
OR
Log In
Forgot?

From the Vault

Actors' Movies by Role VI

by Larryholmes79

Movies 6m
If you forget that these actors aren't really the characters they play, that means they're doing a good job.
Remove Ads.
Support Sporcle.
Get the best of Sporcle when you Go Orange. This ad-free experience offers more features, more stats, and more fun while also helping to support Sporcle. Thank you for becoming a member.

Show Comments

Extras

Top Quizzes Today


Score Distribution

Your Account Isn't Verified!

In order to create a playlist on Sporcle, you need to verify the email address you used during registration. Go to your Sporcle Settings to finish the process.

Report this User

Report this user for behavior that violates our Community Guidelines.

Details: